00000000nam 2200000zi 4500
0019.922834
003CaOODSP
00520250204164759
006m     o  d f      
007cr cn|||||||||
008230517t20252025quca    of   f000 0 eng d
020 |a9780660487779
040 |aCaOODSP|beng|erda|cCaOODSP
043 |an-cn---
0861 |aEn84-335/2025E-PDF
24500|aCanadian Aquatic Biomonitoring Network analysis and reporting handbook.
264 1|aGatineau QC : |bEnvironment and Climate Change Canada = Environnement et Changement climatique Canada, |c2025.
264 4|c©2025
300 |a1 online resource (i, 22 pages) : |billustrations
336 |atext|btxt|2rdacontent
337 |acomputer|bc|2rdamedia
338 |aonline resource|bcr|2rdacarrier
500 |aIssued also in French under title: Guide de référence sur l'analyse et la production de rapports du Réseau canadien de biosurveillance aquatique.
520 |a"The primary purpose of this document is to assist in the use of the CABIN analytical and reporting tools for data entered into the CABIN database"--Introduction, page 1.
61020|aCanadian Aquatic Biomonitoring Network.
650 0|aAquatic habitats|xMonitoring|zCanada|vHandbooks, manuals, etc.
650 0|aDatabase management|zCanada|vHandbooks, manuals, etc.
7101 |aCanada. |bEnvironment and Climate Change Canada, |eissuing body.
77508|tGuide de référence sur l'analyse et la production de rapports du Réseau canadien de biosurveillance aquatique.|w(CaOODSP)9.922836
85640|qPDF|s2.31 MB|uhttps://publications.gc.ca/collections/collection_2025/eccc/En84-335-2025-eng.pdf
986 |aEC24016